Desire - Years and Years (All Lyrics) - Statistics

General Stats
  • This quiz has been taken 125 times
  • The average score is 176 of 247
Answer Stats
Answer % Correct
I
94%
you
93%
you?
93%
You
93%
desire?
87%
desire,
87%
desire.
87%
Is
87%
is
87%
it
87%
me?
87%
me
87%
me.
87%
want
84%
for
83%
love
83%
Or
81%
to
81%
be
79%
that
79%
the
77%
your
77%
I'm
74%
feeling
73%
give
66%
Give
66%
up,
64%
you're
63%
can't
61%
see
61%
what
61%
and
60%
are
59%
Don't
59%
in
59%
'cause
57%
keep
57%
must
57%
Where
56%
only
54%
know
53%
us
51%
been
50%
taking
50%
tough,
50%
you've
50%
You've
50%
gets
49%
again.
47%
Am
47%
fighting.
47%
abused.
46%
behave,
44%
got
44%
now.
44%
lose.
43%
wanna
43%
willing
41%
compromising.
40%
need
40%
arms
39%
down.
39%
enough
39%
Open
39%
show
39%
rush.
37%
tell
37%
blamed.
36%
game,
36%
hiding.
36%
missing.
36%
denying.
31%
pray
31%
truth
31%
other
30%
locked
27%
lovers
27%
sense
27%
hidden?
23%
No matching quizzes found
Score Distribution
Percent of People with Each Score
Percentile by Number Answered
Your Score History
You have not taken this quiz